logo

Bir Sreshtho Munshi Abdur Rouf Library
Jhenaidah Cadet College

The Riverside Reading Program Star Show / (Record no. 4958)

MARC details
000 -LEADER
fixed length control field 00550nam a2200217 a 4500
001 - CONTROL NUMBER
JCCL Control Number 4958
003 - CONTROL NUMBER IDENTIFIER
JCCL marc code BD-JhCC
005 - DATE AND TIME OF LATEST TRANSACTION
control field 20171227170910.0
008 - FIXED-LENGTH DATA ELEMENTS--GENERAL INFORMATION
fixed length control field 171205s1986 u a|||| || | 000 0 eng d
035 ## - SYSTEM CONTROL NUMBER
system control number (BD-JhCC)4958
040 ## - CATALOGING SOURCE
Original cataloging agency BD-JhCC
Modifying agency BD-JhCC
041 ## - LANGUAGE CODE
Language code of Book eng
082 ## - DEWEY DECIMAL CLASSIFICATION NUMBER
Classification number 428.6
Author mark and Year FAY 1986
100 ## - MAIN ENTRY--PERSONAL NAME
Personal name Fay, Leo
245 ## - TITLE STATEMENT
Title The Riverside Reading Program Star Show /
Statement of responsibility, etc Leo Fay,
260 ## - PUBLICATION, DISTRIBUTION, ETC. (IMPRINT)
Place of publication, distribution, etc USA :
Name of publisher, distributor, etc The Riverside Publishing Company,
Date of publication, distribution, etc 1986,
300 ## - PHYSICAL DESCRIPTION
Pagination 143 p. :
Dimensions 27 cm.
650 ## - SUBJECT ADDED ENTRY--TOPICAL TERM
Topical term or geographic name as entry element Readers
942 ## - ADDED ENTRY ELEMENTS (KOHA)
Source of classification or shelving scheme Dewey Decimal Classification
Koha item type Books
Holdings
Source of classification or shelving scheme Damaged status Not for loan Home library Current library Shelving location Date of accession Total Checkouts Full call number Barcode Date last seen Copy number Koha item type
Dewey Decimal Classification     JCC Rouf Library JCC Rouf Library General Stacks 12/05/2017   428.6 FAY 1986 6655 12/05/2017 C- 1 Books
Dewey Decimal Classification     JCC Rouf Library JCC Rouf Library General Stacks 02/20/2018   428.6 FAY 1986 8214 02/20/2018 C-2 Books
Dewey Decimal Classification     JCC Rouf Library JCC Rouf Library General Stacks 03/01/2018   428.6 FAY 1986 11097 03/01/2018 C-3 Books

JCC Library | Contacts | JCC Home

Last Update on 23 September 2017
Copyright @ 2017-2020 JCC Rouf Library
Rouf Library, Jhenidah Cadet College (JCC), Bangladesh